| 000 | 00785nam a2200253 i 4500 | ||
|---|---|---|---|
| 001 | 16926 | ||
| 003 | ES-MaACL | ||
| 005 | 20250815120516.0 | ||
| 007 | t| | ||
| 008 | 001122s1980 sp a |||| | spa d | ||
| 020 | _a84-85016-21-1 | ||
| 080 | _a74.053.2 | ||
| 080 | _a308-053.2(=1.46:430.1) | ||
| 245 | 0 | 0 |
_aNiños españoles en Alemania _b= Spanische Kinder in Deutschland. |
| 246 | 3 | 1 | _aSpanische Kinder in Deutschland |
| 260 |
_aMadrid : _bPopular, _cD.L. 1980. |
||
| 300 |
_a113 p. : _bprincipalmente il. col. y n. ; _c29 x 28 cm. |
||
| 500 | _aÍndice. | ||
| 546 | _aTextos en español y alemán. | ||
| 650 | 1 | 7 |
_aDibujo infantil _2embne _9170068 |
| 650 | 1 | 4 |
_aEspañoles- _zAlemania (República Federal) _912468 |
| 852 |
_aES-MaACL _jG-2985 |
||
| 999 |
_c16926 _d16926 |
||